Метафора в процессах миромоделирования в языке и тексте; Известия Томского политехнического университета [Известия ТПУ]; Т. 305, вып. 4 : Язык и межкультурная коммуникация: теоретические и прикладные аспекты

Bibliographische Detailangaben
Parent link:Известия Томского политехнического университета [Известия ТПУ]/ Томский политехнический университет (ТПУ).— , 2000-
Т. 305, вып. 4 : Язык и межкультурная коммуникация: теоретические и прикладные аспекты.— 2002.— [С. 74-83]
1. Verfasser: Резанова З. И. Зоя Ивановна
Zusammenfassung:Заглавие с титульного листа
Электронная версия печатной публикации
В статье исследуется специфика смысловой структуры языковой метафоры в функциональном аспекте. Определяется, как смысловое своеобразие метафорической номинации влияет на характер ее включения в процессы формирования языковой картины мира. В качестве основных специализирующих признаков метафоры выделяются: смысловая сдвоенность, соединение различных когнитивных пластов в метафорическом значении. Прослеживается организация базовых метафорических моделей в языке и тексте.
Sprache:Russisch
Veröffentlicht: 2002
Schlagworte:
Online-Zugang:http://www.lib.tpu.ru/fulltext/v/Bulletin_TPU/2002/v305/i4/11.pdf
Format: MixedMaterials Elektronisch Buchkapitel
KOHA link:https://koha.lib.tpu.ru/cgi-bin/koha/opac-detail.pl?biblionumber=165464

MARC

LEADER 00000nla2a2200000 4500
001 165464
005 20231031161804.0
035 |a (RuTPU)RU\TPU\book\179491 
035 |a RU\TPU\book\179489 
090 |a 165464 
100 |a 20090918d2002 k y0rusy50 ca 
101 0 |a rus 
102 |a RU 
135 |a drnn ---uucaa 
181 0 |a i  
182 0 |a b 
200 1 |a Метафора в процессах миромоделирования в языке и тексте  |b Электронный ресурс  |f З. И. Резанова 
203 |a Текст  |c электронный 
215 |a 1 файл (8.1 Мб) 
230 |a Электронные текстовые данные (1 файл : 8.1 Мб) 
300 |a Заглавие с титульного листа 
300 |a Электронная версия печатной публикации 
320 |a [Библиогр.: с. 83 (9 назв.)] 
330 |a В статье исследуется специфика смысловой структуры языковой метафоры в функциональном аспекте. Определяется, как смысловое своеобразие метафорической номинации влияет на характер ее включения в процессы формирования языковой картины мира. В качестве основных специализирующих признаков метафоры выделяются: смысловая сдвоенность, соединение различных когнитивных пластов в метафорическом значении. Прослеживается организация базовых метафорических моделей в языке и тексте. 
337 |a Adobe Reader 
461 1 |0 (RuTPU)RU\TPU\book\176237  |t Известия Томского политехнического университета [Известия ТПУ]  |f Томский политехнический университет (ТПУ)  |d 2000- 
463 1 |0 (RuTPU)RU\TPU\book\179430  |t Т. 305, вып. 4 : Язык и межкультурная коммуникация: теоретические и прикладные аспекты  |o тематический выпуск  |v [С. 74-83]  |d 2002  |p 153 с. 
610 1 |a труды учёных ТПУ 
610 1 |a электронный ресурс 
610 1 |a метафоры 
610 1 |a язык 
610 1 |a текст 
610 1 |a языковая картина мира 
610 1 |a признаки 
610 1 |a языковые модели 
610 1 |a семиотика 
610 1 |a миромоделирование 
700 1 |a Резанова  |b З. И.  |c лингвист  |c профессор Томского политехнического университета, доктор филологических наук  |f 1957-  |g Зоя Ивановна  |2 stltpush  |3 (RuTPU)RU\TPU\pers\24606 
801 1 |a RU  |b 63413507  |c 20090623  |g PSBO 
801 2 |a RU  |b 63413507  |c 20210419  |g PSBO 
856 4 |u http://www.lib.tpu.ru/fulltext/v/Bulletin_TPU/2002/v305/i4/11.pdf 
942 |c CF